| Tag |
First Indicator |
Second Indicator |
Subfields |
| LEADER |
00000pam a22000004a 4500 |
| 001 |
in00001837921 |
| 005 |
20151026085501.0 |
| 008 |
030414s2004 fluabf b 001 0 eng |
| 010 |
|
|
|a 2003008701
|
| 020 |
|
|
|a 0415302242 (Hard Cover : alk. paper)
|
| 035 |
|
|
|a (OCoLC)ocm52071033
|
| 040 |
|
|
|a DLC
|c DLC
|d YDX
|d TXA
|d UtOrBLW
|
| 042 |
|
|
|a pcc
|
| 049 |
|
|
|a TXAM
|
| 050 |
0 |
0 |
|a G70.4
|b .T473 2004
|
| 082 |
0 |
0 |
|a 551.3
|2 21
|
| 245 |
0 |
0 |
|a Thermal remote sensing in land surface processes /
|c edited by Dale A. Quattrochi and Jeffrey C. Luvall.
|
| 264 |
|
1 |
|a Boca Raton :
|b CRC Press,
|c [2004?]
|
| 300 |
|
|
|a xxii, 440 pages, 24 unnumbered pages of plates :
|b illustrations (some color), maps (some color) ;
|c 25 cm.
|
| 336 |
|
|
|a text
|b txt
|2 rdacontent
|
| 337 |
|
|
|a unmediated
|b n
|2 rdamedia
|
| 338 |
|
|
|a volume
|b nc
|2 rdacarrier
|
| 504 |
|
|
|a Includes bibliographical references and index.
|
| 650 |
|
0 |
|a Remote sensing.
|
| 650 |
|
0 |
|a Infrared photography.
|
| 650 |
|
0 |
|a Thermal analysis in earth sciences.
|
| 700 |
1 |
|
|a Quattrochi, Dale A.
|
| 700 |
1 |
|
|a Luvall, Jeffrey C.
|
| 856 |
4 |
1 |
|3 Table of contents
|u http://www.loc.gov/catdir/toc/ecip042/2003008701.html
|t 0
|
| 994 |
|
|
|a E0
|b TXA
|
| 948 |
|
|
|a cataloged
|b h
|c 2004/8/17
|d c
|e jlanham
|f 11:22:12 am
|
| 999 |
|
|
|a MARS
|
| 999 |
f |
f |
|s 2224606f-9741-3f3a-87af-b3516b7562d9
|i d3854c71-61bd-3b19-a8c4-afccdde5f0e0
|t 0
|
| 952 |
f |
f |
|p ric
|a Texas A&M University
|b Rellis Campus
|c Joint Library Facility
|d Remote Storage
|t 0
|e G70.4 .T473 2004
|h Library of Congress classification
|i unmediated -- volume
|m A14831294613
|
| 998 |
f |
f |
|a G70.4 .T473 2004
|t 0
|l Remote Storage
|